<?xml version="1.0" encoding="UTF-8"?><?xml-stylesheet type="text/xsl" href="static/style.xsl"?><OAI-PMH xmlns="http://www.openarchives.org/OAI/2.0/" xmlns:xsi="http://www.w3.org/2001/XMLSchema-instance" xsi:schemaLocation="http://www.openarchives.org/OAI/2.0/ http://www.openarchives.org/OAI/2.0/OAI-PMH.xsd"><responseDate>2026-04-17T05:10:25Z</responseDate><request verb="GetRecord" identifier="oai:www.recercat.cat:2117/345861" metadataPrefix="marc">https://recercat.cat/oai/request</request><GetRecord><record><header><identifier>oai:recercat.cat:2117/345861</identifier><datestamp>2025-07-22T23:04:14Z</datestamp><setSpec>com_2072_1033</setSpec><setSpec>col_2072_452951</setSpec></header><metadata><record xmlns="http://www.loc.gov/MARC21/slim" xmlns:dcterms="http://purl.org/dc/terms/" xmlns:xsi="http://www.w3.org/2001/XMLSchema-instance" xmlns:doc="http://www.lyncode.com/xoai" xsi:schemaLocation="http://www.loc.gov/MARC21/slim http://www.loc.gov/standards/marcxml/schema/MARC21slim.xsd">
   <leader>00925njm 22002777a 4500</leader>
   <datafield ind2=" " ind1=" " tag="042">
      <subfield code="a">dc</subfield>
   </datafield>
   <datafield ind2=" " ind1=" " tag="720">
      <subfield code="a">Valiente Rastrollo, Alejandro</subfield>
      <subfield code="e">author</subfield>
   </datafield>
   <datafield ind2=" " ind1=" " tag="260">
      <subfield code="c">2009-10</subfield>
   </datafield>
   <datafield ind2=" " ind1=" " tag="520">
      <subfield code="a">El objetivo, de este proyecto es la aplicación de los conocimientos necesarios para la realización de una obra en la que se realiza una promoción inmobiliario, pero para la que se debe rehabilitar y reformar el edificio actual. Con ello se deberán poner en práctica conocimientos sobre detección de lesiones, el criterio de rehabilitación, etc. También se deberá realizar el proyecto de derribo y obra nueva de las viviendas.&#xd;
Para la total comprensión de la intervención realizada en viviendas y planta baja, se ha creído oportuna, no solo la&#xd;
distribución del estado actual, sino también la del Proyecto Original, de 1954, el cual sufre una serie de modificaciones desde su construcción hasta la fecha.&#xd;
Se tendrá en cuenta el estado de todas sus instalaciones para la realización de las mismas en las viviendas. Con ello se aprovecharán las partes de las instalaciones que así se crea oportuno. Para la realización de nuevas instalaciones se tendrán en cuenta factores económicos, medioambientales, y funcionales.&#xd;
Con el fin de adaptar el actual edificio a la propuesta se deberán realizar unas aberturas en muros que se resolverán de la manera más eficaz para el tipo de intervención.</subfield>
   </datafield>
   <datafield tag="653" ind2=" " ind1=" ">
      <subfield code="a">Àrees temàtiques de la UPC::Edificació::Rehabilitació d'edificis</subfield>
   </datafield>
   <datafield tag="653" ind2=" " ind1=" ">
      <subfield code="a">Apartment houses</subfield>
   </datafield>
   <datafield tag="653" ind2=" " ind1=" ">
      <subfield code="a">Buildings -- Repair and reconstruction</subfield>
   </datafield>
   <datafield tag="653" ind2=" " ind1=" ">
      <subfield code="a">Buildings -- Remodeling for other use</subfield>
   </datafield>
   <datafield tag="653" ind2=" " ind1=" ">
      <subfield code="a">Edificis -- Remodelació -- Catalunya -- Tarragona</subfield>
   </datafield>
   <datafield tag="653" ind2=" " ind1=" ">
      <subfield code="a">Reconversió d'edificis -- Catalunya -- Tarragona</subfield>
   </datafield>
   <datafield tag="653" ind2=" " ind1=" ">
      <subfield code="a">Cases de pisos</subfield>
   </datafield>
   <datafield tag="653" ind2=" " ind1=" ">
      <subfield code="a">Cases de pisos -- Catalunya -- Tarragona</subfield>
   </datafield>
   <datafield ind2="0" ind1="0" tag="245">
      <subfield code="a">Rehabilitación y reformas en edificio plurifamiliar de Tarragona</subfield>
   </datafield>
</record></metadata></record></GetRecord></OAI-PMH>